| 000 -LEADER |
| fixed length control field |
00595nam a2200217Ia 4500 |
| 001 - CONTROL NUMBER |
| control field |
1623 |
| 003 - CONTROL NUMBER IDENTIFIER |
| control field |
GE_BSU |
| 008 - FIXED-LENGTH DATA ELEMENTS--GENERAL INFORMATION |
| fixed length control field |
181216s||||||||xx |||||||||||||| ||und|| |
| 040 ## - CATALOGING SOURCE |
| Transcribing agency |
GE_BSU |
| 080 ## - UNIVERSAL DECIMAL CLASSIFICATION NUMBER |
| Universal Decimal Classification number |
665.5/7 |
| 100 ## - MAIN ENTRY--PERSONAL NAME |
| Personal name |
Мацкин,Л.А. Черняк,И.Л. Илембитов,М.С. |
| 245 ## - TITLE STATEMENT |
| Title |
Эксплуатация нефтебаз. |
| 250 ## - EDITION STATEMENT |
| Edition statement |
Изд. 3-е, перер. и доп. |
| 260 ## - PUBLICATION, DISTRIBUTION, ETC. |
| Place of publication, distribution, etc. |
М. |
| 260 ## - PUBLICATION, DISTRIBUTION, ETC. |
| Name of publisher, distributor, etc. |
Недра. |
| 260 ## - PUBLICATION, DISTRIBUTION, ETC. |
| Date of publication, distribution, etc. |
1975. |
| 300 ## - PHYSICAL DESCRIPTION |
| Extent |
392 стр. 24 см. |
| 653 ## - INDEX TERM--UNCONTROLLED |
| Uncontrolled term |
Эксплуатация нефтебаз. |
| 942 ## - ADDED ENTRY ELEMENTS (KOHA) |
| Koha item type |
წიგნი |